The books of Joel, Obadiah, Jonah, and Micah / (Record no. 21514)

MARC details
000 -LEADER
fixed length control field 01111cam a2200349 i 4500
001 - CONTROL NUMBER
control field 1272201
003 - CONTROL NUMBER IDENTIFIER
control field OSt
005 - DATE AND TIME OF LATEST TRANSACTION
control field 20260317094737.0
008 - FIXED-LENGTH DATA ELEMENTS--GENERAL INFORMATION
fixed length control field 750715s1976 miu b 001 0 eng
010 ## - LIBRARY OF CONGRESS CONTROL NUMBER
LC control number 75022484
020 ## - INTERNATIONAL STANDARD BOOK NUMBER
International Standard Book Number 0802823734
020 ## - INTERNATIONAL STANDARD BOOK NUMBER
International Standard Book Number 9780802823731
035 ## - SYSTEM CONTROL NUMBER
System control number 1272201
040 ## - CATALOGING SOURCE
Original cataloging agency DLC
Transcribing agency DLC
Modifying agency DLC
050 00 - LIBRARY OF CONGRESS CALL NUMBER
Classification number BS1560
Item number .A65
082 00 - DEWEY DECIMAL CLASSIFICATION NUMBER
Classification number 224/.9
100 1# - MAIN ENTRY--PERSONAL NAME
Personal name Allen, Leslie C.
245 14 - TITLE STATEMENT
Title The books of Joel, Obadiah, Jonah, and Micah /
Statement of responsibility, etc. by Leslie C. Allen.
260 ## - PUBLICATION, DISTRIBUTION, ETC. (IMPRINT)
Place of publication, distribution, etc. Grand Rapids, Mich. :
Name of publisher, distributor, etc. Eerdmans,
Date of publication, distribution, etc. c1976.
300 ## - PHYSICAL DESCRIPTION
Extent 427 p. ;
Dimensions 23 cm.
336 ## - CONTENT TYPE
Content type term text
Content type code txt
Source rdacontent
337 ## - MEDIA TYPE
Media type term unmediated
Media type code n
Source rdamedia
338 ## - CARRIER TYPE
Carrier type term volume
Carrier type code nc
Source rdacarrier
440 #4 - SERIES STATEMENT/ADDED ENTRY--TITLE
Title The New international commentary on the Old Testament
500 ## - GENERAL NOTE
General note Includes indexes.
504 ## - BIBLIOGRAPHY, ETC. NOTE
Bibliography, etc Bibliography: p. 14-15.
630 00 - SUBJECT ADDED ENTRY--UNIFORM TITLE
Uniform title Bible.
Name of part/section of a work Minor Prophets
General subdivision Commentaries.
730 0# - ADDED ENTRY--UNIFORM TITLE
Uniform title Bible.
Name of part/section of a work Minor prophets.
Form subheading Selections.
Language of a work English.
Date of a work 1976.
906 ## - LOCAL DATA ELEMENT F, LDF (RLIN)
a 7
b cbc
c orignew
d 1
e ocip
f 19
g y-gencatlg
942 ## - ADDED ENTRY ELEMENTS (KOHA)
Source of classification or shelving scheme Library of Congress Classification
Koha item type General Collection
Holdings
Withdrawn status Lost status Source of classification or shelving scheme Not for loan Home library Current library Shelving location Date acquired Source of acquisition Inventory number Total Checkouts Full call number Barcode Date last seen Copy number Price effective from Koha item type
    Library of Congress Classification   Kabarak, Main Campus Kabarak, Main Campus General Stacks 17/03/2026 Donation 2026/4106   BS1560 .A65 1976 C.1 38534 17/03/2026 C.1 17/03/2026 General Collection
Designed with assistance from East African Informatics Ltd